000 00457nam a2200169Ia 4500
008 230711s9999||||xx |||||||||||||| ||und||
020 _a978-93-81141-54-0
041 _aENG
082 _a543.62
_bHE-X
100 _aHebbar,K.Ramakanth
245 0 _aBasics of X-Ray differaction and its applications
250 _a1st Ed.
260 _c2015
_aNew Delhi
_bI.K.International Publishing House Pvt.Ltd
300 _a257p.
650 _aChemistry
942 _cBK
999 _c6180
_d6180